Maniac Magee
| Main Author: | |
|---|---|
| Format: | Book |
| Published: |
New York :
Little, Brown and Company ,
1990
|
| Subjects: |
MARC
| LEADER | 00000cam a2200000 7i4500 | ||
|---|---|---|---|
| 001 | 0000009375 | ||
| 005 | 20160330.0 | ||
| 008 | 070926 | ||
| 020 | |a 0316809063 | ||
| 090 | 0 | 0 | |a SPI |b ENG (8242) |
| 100 | 1 | |a Spinelli, Jerry | |
| 245 | 1 | 0 | |a Maniac Magee |c Jerry Spinelli |
| 260 | |a New York : |b Little, Brown and Company , |c 1990 | ||
| 500 | |a Teenager ages 13-18 years old (blue) | ||
| 650 | 0 | |a English fiction | |
| 999 | |a 0000998587 |b Book |c Teenagers |e Perbadanan Perpustakaan Awam Johor | ||
| 999 | |a 0000998588 |b Book |c Teenagers |e Perbadanan Perpustakaan Awam Johor | ||